00241nam a2200085Ia 4500008004100000082001300041245003400054260005600088300001100144230907s9999||||xx |||||||||||||| ||und|| a320bBAN 0aSecurity and hybrid warfare : aLap Lambert Academic Publishing,bMauritius :c2017 a207 p.